000
00317nam a22001337a 4500
003
SGT
020
_a
818631105X
082
_a
891.4309
_b
D95S
100
_a
शर्मा, उदयन
245
_a
दहशत
260
_b
प्रकाशन संस्थान
_c
1995
300
_a
175
942
_2
ddc
_c
BK
999
_c
31063
_d
31063